Adapa and the south wind : language has the power of life and death /

محفوظ في:

المؤلف الرئيسي: Izre'el, Shlomo (مؤلف)

التنسيق: كتاب

اللغة: English

منشور في: Winona Lake, Indiana : Eisenbrauns, 2001.

سلاسل: Mesopotamina civilizations ; 10.

الموضوعات:

الوسوم: إضافة وسم

لا توجد وسوم, كن أول من يضع وسما على هذه التسجيلة!

رقم الطلب: BL1625 .A35 I97 2001

LEADER 01565namaa2200289 4500
001 11836
003 OSt
005 20240715071256.0
008 130303s2001 inua b 000 0 eng d
952 |0 0  |1 0  |2 lcc  |4 0  |6 BL1625 A35 I97 02001  |7 1  |9 10926  |a ARCE  |b ARCE  |d 2021-03-08  |l 0  |o BL1625 .A35 I97 2001  |p 1013089  |r 2021-03-08 00:00:00  |w 2021-03-08  |y BK 
999 |c 19871  |d 19871 
010 |a 00067676 
020 |a 1575060485 
040 |c ARCE Library 
050 4 |a BL1625 .A35 I97 2001 
100 1 |a Izre'el, Shlomo,  |e author  |9 33012 
245 1 0 |a Adapa and the south wind :   |b language has the power of life and death /   |c Shlomo Izre'el. 
264 1 |a Winona Lake, Indiana :  |b Eisenbrauns,  |c 2001. 
300 |a xii, 183 pages :  |b illustrations ;  |c 26 cm. 
490 1 |a Mesopotamina civilizations ;   |v 10. 
504 |a Includes bibliographical references (p. 151-172) 
505 0 |a  Ch. 1. Texts and Fragments Ch. 2. Dating and Compositional Factors The Amarna Fragment The Nineveh Fragments and Their Relationship to the Amarna Fragment Excursus: The TMA System and the Narrative Sequence The Origins of the Myth Ch. 3. The Myth as Poetry Poetic Devices Red Points and Meter Ch. 4. Language Has the Power of Life and Death: Structure and Meaning Unfolding the Narrative: The Linguistic Component and Meaningful Structural Ties.  
650 0 |a Adapa (Assyro-Babylonian mythology)  |9 10199 
650 0 |a Assyro-Babylonian poetry  |x History and criticism. 
830 0 |a Mesopotamina civilizations ;   |v 10. 
901 |a reviewed 
942 |c BK  |2 lcc